International Journal of Sociology and Political Science (Record no. 37492)

MARC details
000 -LEADER
fixed length control field 00402nam a2200145Ia 4500
022 ## - INTERNATIONAL STANDARD SERIAL NUMBER
ISSN 2664-7737
050 ## - CALL MARK
Classification number JA74 .I58
245 ## - TITLE STATEMENT
Title International Journal of Sociology and Political Science
250 ## - EDITION / VOLUME STATEMENT
Edition / Volume statement Vol. 6, No. 1
260 ## - PUBLICATION, DISTRIBUTION, ETC. (IMPRINT)
Year of publication 2024
300 ## - PHYSICAL DESCRIPTION
Number of Pages iv, 65 p. ; 24 cm.
650 ## - SUBJECT ADDED ENTRY--TOPICAL TERM
Topical Term Sociology--Nigeria--Periodicals. Sociology--Periodicals. Nigeria--
942 ## - ADDED ENTRY ELEMENTS (KOHA)
Koha item type Serials
Source of classification Library of Congress Classification

No items available.